| 000 | 00927nam a2200193 a 4500 | ||
|---|---|---|---|
| 001 | 000013601 | ||
| 005 | 20200929163301.0 | ||
| 008 | 091126s1954 dr 001 0 spa d | ||
| 040 |
_aDO-SdBNP _bspa _cBNPHU |
||
| 082 |
_a330.97293053 _bE82e |
||
| 245 | 0 | 0 |
_aEstudios de la economía dominicana. : _bconferencias de funcionarios bancarios auspiciadas por el Partido Dominicano. |
| 260 |
_aCiudad Trujillo, República Dominicana : _bDel Caribe :, _c1954. |
||
| 300 |
_a181 p. ; _c24 cm. |
||
| 590 | _aInventariado, 2018/VM | ||
| 651 | 4 |
_aRepública Dominicana _xCondiciones Económicas _yERA DE TRUJILLO, 1930-1961 _vENSAYOS, CONFERENCIAS, ETC. _931003 |
|
| 651 | 4 |
_aRepública Dominicana _xPolítica Y Gobierno _yERA DE TRUJILLO, 1930-1961 _vENSAYOS, CONFERENCIAS, ETC. _931004 |
|
| 651 | 4 |
_aRepública Dominicana _xHistoria _yERA DE TRUJILLO, 1930-1961 _vENSAYOS, CONFERENCIAS, ETC. _912749 |
|
| 910 | _aValidado. Control de calidad EMS | ||
| 999 |
_c13216 _d13216 |
||